| 000 | 00637nab a2200181 4500 | ||
|---|---|---|---|
| 001 | 244442 | ||
| 003 | OSt | ||
| 005 | 20250710084808.0 | ||
| 007 | tu | ||
| 008 | 200917s2020||||||| | ||
| 040 |
_aDE-2950 _cDE-2950 |
||
| 245 | 0 | 0 |
_aVorfreude auf die nächste Fantadu-Premiere _bKleist-Forum. Der Kinder- und Jugendzirkus aus Wiesenau tritt wieder in Frankfurt auf - alle Vorstellungen sind ausverkauft. Was macht das Programm besonders?/ _cWiemke Reiners |
| 264 | _c2024 | ||
| 653 | _aFrankfurt (Oder) | ||
| 653 | _aFantadu | ||
| 773 | 0 |
_g36. Jahrgang (2025) Nr. 158 vom 10.07.2025, S. 15 mit Foto _tMärkische Oderzeitung |
|
| 942 |
_2z _cA |
||
| 999 |
_c373889 _d373889 |
||